000 00969nam a2200253Ia 4500
003 OSt
005 20221005112112.0
006 a|||||r|||| 00| 0
007 ta
008 221004b |||||||| |||| 00| 0 hin d
024 _a120306
037 _cTextual
040 _aCRL
_cCRL
_bhin
041 _2hin
_ahin
082 _aV2:51.N47<-L48, 152N0
100 _aराव, शीलम् वेंकटेश्वर
_9623604
245 0 _aभारतीय स्वतंत्रता संग्राम
_b सन्1748 से 1947 तक
246 _aBhāratīya svatantratā sangrāma: san1748 se 1947 taka
260 _aहैदराबाद
_bशीलम् प्रकाशन भारत
_c1990
300 _a237पृ0
_ccm.
650 _aविश्व-इतिहास
942 _hV2:51.N47<-L48, 152N0
_cTEXL
_2cc
999 _c1023830
_d1023830